000 00592nam a22001937a 4500
005 20140206114037.0
010 _aENG-109108
020 _a9789350620755
_c250.00
035 _aEN-92641
037 _bDBAD/PUB
082 _a005.52
100 _aPrice, Cheryl
245 _aProduce complex desktop published documents :
_cby Cheryl Price [and] Julia Wix
_bPublisher 2003 /
260 _aNew Delhi
_bExcel Books
_c2012
270 _aA- 45, Naraina, Phase 1
_bNew Delhi
_e110028
300 _alxxi,260p.
_c24cm(pbk)
700 _aWix, Julia
942 _2ddc
_cEN
_mPRI
_h005.52
999 _c81941
_d81941